Loading...
| Other Academic | 0 | 3 | 0 | 0 | 30 | 76 | 112.00 | 0 | 1 |
| Religion | 0 | 3 | 0 | 0 | 30 | 47 | 93.67 | 0 | 1 |
| Fine Arts - Other Fine Arts | 0 | 4 | 2 | 0 | 30 | 101 | 111.50 | 0 | 0 |
| Current Events | 0 | 2 | 0 | 2 | 20 | 132 | 137.50 | 0 | 0 |
| Science - Other Science | 0 | 2 | 0 | 0 | 20 | 74 | 88.00 | 0 | 0 |
| Literature - European Literature | 0 | 2 | 0 | 0 | 20 | 56 | 94.50 | 1 | 1 |
| Geography | 0 | 1 | 0 | 0 | 10 | 80 | 80.00 | 1 | 1 |
| Philosophy | 0 | 1 | 0 | 0 | 10 | 97 | 97.00 | 0 | 0 |
| Any History | 0 | 1 | 0 | 0 | 10 | 47 | 47.00 | 0 | 1 |
| Science - Chemistry | 0 | 1 | 0 | 1 | 10 | 120 | 120.00 | 0 | 0 |
| Science - Physics | 0 | 1 | 1 | 1 | 5 | 139 | 139.00 | 0 | 0 |
| History - European History | 0 | 1 | 1 | 0 | 5 | 89 | 89.00 | 0 | 0 |
| Social Science | 0 | 0 | 1 | 0 | -5 | 0.00 | 0 | 0 | |
| Fine Arts - Classical Music | 0 | 0 | 1 | 0 | -5 | 0.00 | 0 | 0 | |
| Literature - British Literature | 0 | 0 | 1 | 0 | -5 | 0.00 | 0 | 0 | |
| Painting & Sculpture | 0 | 0 | 1 | 0 | -5 | 0.00 | 0 | 0 | |
| Literature - World Literature | 0 | 0 | 2 | 0 | -10 | 0.00 | 0 | 0 |